Seventeen (kpop) - Statistics

General Stats
  • This quiz has been taken 579 times
  • The average score is 29 of 78
Answer Stats
Hint Answer % Correct
S.coups Choi Seung Cheol
88%
S.coups Leader, Hip Hop Team Leader, Main Rapper, Vocalist
80%
Jeonghan Yoon Jung Han
61%
Wonwoo Jeon Wonwoo
55%
Joshua Joshua Hong
55%
Mingyu Kim Mingyu
54%
Seungkwan Boo Seung Kwan
52%
The8 Xu Minghao
52%
Woozi Lee Jihoon
51%
Hoshi Kwon Soonyoung
48%
Jeonghan Lead Vocalist
48%
Dino Lee Chan
48%
DK Lee Seokmin
48%
Wonwoo Lead Rapper, Sub Vocalist
47%
Jun Wen Junhui
47%
S.coups 1.78 m (5.10 feet)
45%
S.coups AB
45%
The8 Lead Dancer, Sub Vocalist, Rapper
45%
Joshua Lead Vocalist
45%
Hoshi Performance Team Leader, Main Dancer, Lead Vocalist, Sub-Rapper
45%
Jun Lead Dancer, Sub Vocalist
44%
Woozi Vocal Team Leader, Lead Vocalist
44%
Mingyu Lead Rapper, Sub Vocalist, Visual, Face of the Group
43%
DK Main vocalist
43%
Seungkwan Main Vocalist
43%
S.coups August 8, 1995
42%
Jeonghan B
40%
Dino Main Dancer, Sub Vocalist, Lead Rapper, Maknae
40%
Vernon Main Rapper, Vocalist
40%
Jeonghan 1.78 m (5.10 feet)
39%
Joshua A
39%
Joshua 1.77 m (5.10 feet)
38%
Wonwoo A
38%
Jun B
37%
Woozi 1.65 m (5.5 feet)
36%
Wonwoo 1.82 m (6 feet)
36%
Woozi A
36%
Hoshi B
36%
Mingyu B
36%
Mingyu 1.87 m (6.2 feet)
35%
The8 O
35%
Hoshi 1.78 m (5.10 feet)
34%
Seungkwan B
34%
Joshua December 30, 1995
34%
Vernon Hansol Vernon Choi
34%
DK O
34%
DK 1.79 m (5.10 feet)
33%
The8 1.79 m (5.10 feet)
33%
Jun 1.82 m (6.10 feet)
33%
S.coups 65 kg (143 lbs)
33%
Jeonghan October 4, 1995
33%
Vernon A
32%
Dino A
32%
DK February 18, 1997
31%
Jeonghan 62 kg (136 lbs)
30%
Seungkwan 1.74 m (5.8 feet)
29%
Dino 1.74 m (5.9 feet)
29%
Jun June 10, 1996
29%
Vernon 1.80 m (5.11 feet)
28%
Vernon February 18, 1998
28%
Wonwoo July 17, 1996
28%
Hoshi June 15, 1996
28%
Joshua 58 kg (128 lbs)
27%
Wonwoo 63 kg (138 lbs)
27%
Jun 66 kg (145 lbs)
27%
Mingyu April 6, 1997
27%
Woozi 54kg (119lbs)
26%
Woozi November 22, 1996
26%
Hoshi 60 kg (132 lbs)
25%
DK 66 kg (145lbs)
24%
Seungkwan 58kg (127lbs)
23%
Mingyu 68 kg (149 lbs)
23%
Seungkwan January 16, 1998
23%
The8 November 7, 1997
23%
The8 53 kg (116 lbs)
22%
Vernon 62 kg (136 lbs)
22%
Dino February 11, 1999
22%
Dino 56 kg (123 lbs)
19%
No matching quizzes found
Score Distribution
Percent of People with Each Score
Percentile by Number Answered
Your Score History
You have not taken this quiz